2025-2026 Cincinnati Bengals Roster - Statistics

General Stats
  • This quiz has been taken 89 times
  • The average score is 26 of 51
Answer Stats
Position Name % Correct
Wide Receiver Ja’Marr Chase
100%
Quarterback Joe Burrow
100%
Wide Receiver Tee Higgins
100%
Quarterback Joe Flacco
95%
Running Back Chase Brown
94%
Offensive Lineman Orlando Brown Jr.
92%
Quarterback Jake Browning
91%
Wide Receiver Andrei Iosivas
88%
Running Back Samaje Perine
86%
Tight End Mike Gesicki
84%
Placekicker Evan McPherson
70%
Defensive Lineman B.J. Hill
69%
Cornerback Daxton Hill
67%
Cornerback D.J. Turner II
67%
Wide Receiver Mitchell Tinsley
67%
Tight End Noah Fant
67%
Running Back Tahj Brooks
64%
Safety Geno Stone
63%
Offensive Lineman Amarius Mims
61%
Safety Jordan Battle
61%
Defensive Lineman Shemar Stewart
61%
Offensive Lineman Ted Karras
59%
Wide Receiver Charlie Jones
56%
Linebacker Demetrius Knight Jr.
56%
Tight End Drew Sample
56%
Defensive Lineman Cameron Sample
53%
Tight End Tanner Hudson
53%
Linebacker Barrett Carter
47%
Offensive Lineman Cody Ford
45%
Offensive Lineman Dylan Fairchild
44%
Defensive Lineman Joseph Ossai
44%
Defensive Lineman Myles Murphy
42%
Punter Ryan Rehkow
42%
Cornerback Jalen Davis
28%
Defensive Lineman Cedric Johnson
27%
Offensive Lineman Jalen Rivers
27%
Wide Receiver Ke’Shawn Williams
27%
Defensive Lineman Tedarrell Slaton
27%
Safety Tycen Anderson
27%
Cornerback Josh Newton
25%
Defensive Lineman McKinnley Jackson
23%
Safety Daijahn Anthony
22%
Cornerback D.J. Ivey
22%
Offensive Lineman Lucas Patrick
19%
Safety P.J. Jules
17%
Long Snapper William Wagner
17%
Tight End Cam Grandy
14%
Linebacker Joe Giles-Harris
11%
Linebacker Shaka Heyward
9%
Defensive Lineman Jordan Jefferson
8%
Defensive Lineman Isaiah Foskey
2%
No matching quizzes found
Score Distribution
Percent of People with Each Score
Percentile by Number Answered
Your Score History
You have not taken this quiz